Premature infants; (Record no. 90913)
[ view plain ]
| 000 -LEADER | |
|---|---|
| fixed length control field | 00736cam a22002291 4500 |
| 001 - CONTROL NUMBER | |
| control field | ss 48000028 |
| 003 - CONTROL NUMBER IDENTIFIER | |
| control field | DLC |
| 005 - DATE AND TIME OF LATEST TRANSACTION | |
| control field | 20260227112751.0 |
| 008 - FIXED-LENGTH DATA ELEMENTS--GENERAL INFORMATION | |
| fixed length control field | 740111s1948 dcuaf b f000 0 eng |
| 010 ## - LIBRARY OF CONGRESS CONTROL NUMBER | |
| LC control number | ss 48000028 |
| 035 ## - SYSTEM CONTROL NUMBER | |
| System control number | (OCoLC)774787 |
| 040 ## - CATALOGING SOURCE | |
| Original cataloging agency | DLC |
| Transcribing agency | OClW-H |
| Modifying agency | OCoLC |
| -- | DLC |
| 050 00 - LIBRARY OF CONGRESS CALL NUMBER | |
| Classification number | RJ250 |
| Item number | .D77 |
| 082 ## - DEWEY DECIMAL CLASSIFICATION NUMBER | |
| Classification number | 618.6 |
| 100 1# - MAIN ENTRY--PERSONAL NAME | |
| Personal name | Dunham, Ethel C. |
| Fuller form of name | (Ethel Collins), |
| Dates associated with a name | 1883- |
| 245 10 - TITLE STATEMENT | |
| Title | Premature infants; |
| Remainder of title | a manual for physicians. |
| 260 ## - PUBLICATION, DISTRIBUTION, ETC. | |
| Place of publication, distribution, etc. | [Washington, |
| Name of publisher, distributor, etc. | U.S. Govt. Print. Off., |
| Date of publication, distribution, etc. | 1948] |
| 300 ## - PHYSICAL DESCRIPTION | |
| Extent | 401 p. |
| Other physical details | illus., plates. |
| Dimensions | 23 cm. |
| 410 10 - SERIES STATEMENT/ADDED ENTRY--CORPORATE NAME [OBSOLETE, CAN/MARC], [LOCAL, USA] | |
| Corporate name or jurisdiction name as entry element | United States. |
| Subordinate unit | Children's Bureau. Publication |
| Volume number/sequential designation | no. 325 |
| 500 ## - GENERAL NOTE | |
| General note | "References": p. 96-99, 342-362. |
| 650 #0 - SUBJECT ADDED ENTRY--TOPICAL TERM | |
| Topical term or geographic name entry element | Premature infants |
| Form subdivision | Handbooks, manuals, etc. |
No items available.